[Event "World Chess Olympiad 2018"]
[Site "Batumi"]
[Date "2018.10.05"]
[Round "11"]
[Board "1"]
[WhiteFideId "2020009"]
[White "Caruana Fabiano"]
[BlackFideId "8603677"]
[Black "Ding Liren"]
[Result "1/2-1/2"]
[LiveChessVersion "1.4.8"]
[BlackElo "2804"]
[WhiteElo "2827"]

1. c4 {[%clk 1:30:57]} Nf6 {[%clk 1:30:26]} 2. Nc3 {[%clk 1:31:22]} e5
{[%clk 1:30:09]} 3. Nf3 {[%clk 1:31:32]} Nc6 {[%clk 1:30:35]} 4. e3
{[%clk 1:31:41]} Bb4 {[%clk 1:30:52]} 5. Qc2 {[%clk 1:32:03]} Bxc3
{[%clk 1:30:34]} 6. Qxc3 {[%clk 1:32:26]} Qe7 {[%clk 1:30:59]} 7. d4
{[%clk 1:29:41]} Ne4 {[%clk 1:28:34]} 8. Qd3 {[%clk 1:29:56]} exd4
{[%clk 1:28:59]} 9. Nxd4 {[%clk 1:30:19]} O-O {[%clk 1:29:05]} 10. Be2
{[%clk 1:30:41]} Qb4+ {[%clk 1:28:55]} 11. Kf1 {[%clk 1:31:02]} Qe7
{[%clk 1:29:11]} 12. f3 {[%clk 1:30:01]} f5 {[%clk 1:26:36]} 13. Qd1
{[%clk 1:30:01]} Nc5 {[%clk 1:15:52]} 14. Kf2 {[%clk 1:30:16]} d6
{[%clk 1:14:58]} 15. Re1 {[%clk 1:20:30]} Qh4+ {[%clk 1:12:43]} 16. Kg1
{[%clk 1:20:18]} Rf6 {[%clk 1:13:06]} 17. g3 {[%clk 0:53:58]} Rg6
{[%clk 1:10:59]} 18. Nxc6 {[%clk 0:42:03]} Rxg3+ {[%clk 1:08:36]} 19. hxg3
{[%clk 0:42:24]} Qxg3+ {[%clk 1:09:03]} 20. Kh1 {[%clk 0:42:43]} Qh3+
{[%clk 1:09:30]} 21. Kg1 {[%clk 0:43:09]} Qg3+ {[%clk 1:09:58]} 22. Kh1
{[%clk 0:43:35]} Qh3+ {[%clk 1:10:25]} 23. Kg1 {[%clk 0:43:52]} 1/2-1/2

[Event "World Chess Olympiad 2018"]
[Site "Batumi"]
[Date "2018.10.05"]
[Round "11"]
[Board "2"]
[WhiteFideId "8603820"]
[White "Yu Yangyi"]
[BlackFideId "5202213"]
[Black "So Wesley"]
[Result "1/2-1/2"]
[LiveChessVersion "1.4.8"]
[BlackElo "2776"]
[WhiteElo "2765"]

1. d4 {[%clk 1:30:57]} Nf6 {[%clk 1:30:54]} 2. c4 {[%clk 1:31:19]} e6
{[%clk 1:31:21]} 3. g3 {[%clk 1:31:24]} d5 {[%clk 1:31:48]} 4. Bg2
{[%clk 1:31:42]} Be7 {[%clk 1:32:15]} 5. Nf3 {[%clk 1:32:00]} O-O
{[%clk 1:32:41]} 6. O-O {[%clk 1:32:20]} dxc4 {[%clk 1:33:09]} 7. Qc2
{[%clk 1:32:39]} a6 {[%clk 1:33:37]} 8. a4 {[%clk 1:32:43]} c5 {[%clk 1:34:03]}
9. dxc5 {[%clk 1:32:32]} Bxc5 {[%clk 1:34:32]} 10. Nbd2 {[%clk 1:32:32]} b5
{[%clk 1:35:00]} 11. axb5 {[%clk 1:32:25]} Bb7 {[%clk 1:35:28]} 12. Nxc4
{[%clk 1:30:33]} axb5 {[%clk 1:08:23]} 13. Rxa8 {[%clk 1:30:47]} Bxa8
{[%clk 1:08:51]} 14. Nce5 {[%clk 1:31:04]} Bd6 {[%clk 1:05:13]} 15. Rd1
{[%clk 1:13:37]} Qc7 {[%clk 1:05:36]} 16. Qxc7 {[%clk 1:13:57]} Bxc7
{[%clk 1:06:03]} 17. Bg5 {[%clk 1:09:16]} h6 {[%clk 0:54:25]} 18. Bxf6
{[%clk 1:06:25]} gxf6 {[%clk 0:54:46]} 19. Nd3 {[%clk 1:05:52]} Bxf3
{[%clk 0:49:22]} 20. Bxf3 {[%clk 1:04:46]} Nd7 {[%clk 0:49:44]} 21. Rc1
{[%clk 1:03:35]} Bd6 {[%clk 0:49:34]} 22. Rc6 {[%clk 0:59:31]} Bb8
{[%clk 0:48:53]} 23. Ra6 {[%clk 0:56:47]} Ne5 {[%clk 0:46:56]} 24. Rb6
{[%clk 0:51:31]} Nxd3 {[%clk 0:34:23]} 25. exd3 {[%clk 0:50:49]} Be5
{[%clk 0:34:52]} 26. Rxb5 {[%clk 0:51:08]} Rb8 {[%clk 0:33:59]} 27. Rxb8+
{[%clk 0:49:30]} Bxb8 {[%clk 0:33:18]} 28. b4 {[%clk 0:48:11]} f5
{[%clk 0:29:03]} 29. b5 {[%clk 0:47:33]} Ba7 {[%clk 0:29:27]} 30. Kg2
{[%clk 0:47:58]} Bb6 {[%clk 0:25:42]} 31. Bh5 {[%clk 0:47:10]} Kf8
{[%clk 0:25:38]} 32. f4 {[%clk 0:46:50]} Ke7 {[%clk 0:25:44]} 33. Kf3
{[%clk 0:47:14]} Bg1 {[%clk 0:25:30]} 34. h3 {[%clk 0:47:07]} Bb6
{[%clk 0:23:02]} 35. g4 {[%clk 0:46:17]} fxg4+ {[%clk 0:23:29]} 36. hxg4
{[%clk 0:46:22]} f6 {[%clk 0:20:40]} 37. Ke4 {[%clk 0:45:14]} Kd6
{[%clk 0:20:53]} 38. Bg6 {[%clk 0:41:08]} e5 {[%clk 0:16:28]} 39. Be8
{[%clk 0:39:27]} Bg1 {[%clk 0:12:34]} 40. Kf5 {[%clk 1:05:19]} Be3
{[%clk 0:42:51]} 41. Kxf6 {[%clk 1:04:13]} exf4 {[%clk 0:38:20]} 42. Bc6
{[%clk 1:04:11]} Kc5 {[%clk 0:38:49]} 43. Bf3 {[%clk 0:56:33]} Kxb5
{[%clk 0:37:29]} 44. Kg6 {[%clk 0:55:55]} Kb4 {[%clk 0:36:26]} 45. Kxh6
{[%clk 0:46:58]} Kc3 {[%clk 0:35:34]} 46. g5 {[%clk 0:46:23]} Kxd3
{[%clk 0:35:36]} 47. g6 {[%clk 0:39:20]} Bd4 {[%clk 0:34:34]} 48. g7
{[%clk 0:39:48]} Bxg7+ {[%clk 0:35:00]} 49. Kxg7 {[%clk 0:40:14]} 1/2-1/2

[Event "World Chess Olympiad 2018"]
[Site "Batumi"]
[Date "2018.10.05"]
[Round "11"]
[Board "4"]
[WhiteFideId "8604436"]
[White "Li Chao b"]
[BlackFideId "2004887"]
[Black "Shankland Samuel"]
[Result "1/2-1/2"]
[LiveChessVersion "1.4.8"]
[BlackElo "2722"]
[WhiteElo "2708"]

1. d4 {[%clk 1:30:52]} Nf6 {[%clk 1:30:47]} 2. c4 {[%clk 1:31:15]} e6
{[%clk 1:31:13]} 3. g3 {[%clk 1:31:38]} d5 {[%clk 1:31:37]} 4. Bg2
{[%clk 1:32:02]} Be7 {[%clk 1:32:03]} 5. Nf3 {[%clk 1:32:19]} O-O
{[%clk 1:32:27]} 6. O-O {[%clk 1:32:44]} dxc4 {[%clk 1:32:54]} 7. Qc2
{[%clk 1:33:05]} a6 {[%clk 1:33:17]} 8. a4 {[%clk 1:33:21]} c5 {[%clk 1:33:43]}
9. dxc5 {[%clk 1:25:01]} Bxc5 {[%clk 1:33:44]} 10. Nbd2 {[%clk 1:23:57]} b5
{[%clk 1:34:09]} 11. axb5 {[%clk 1:24:14]} Bb7 {[%clk 1:34:35]} 12. Nxc4
{[%clk 1:24:12]} axb5 {[%clk 1:30:40]} 13. Rxa8 {[%clk 1:22:20]} Bxa8
{[%clk 1:31:08]} 14. Nce5 {[%clk 1:21:43]} Bd6 {[%clk 1:17:53]} 15. Rd1
{[%clk 1:06:28]} Qc7 {[%clk 1:16:34]} 16. Qxc7 {[%clk 1:05:55]} Bxc7
{[%clk 1:17:02]} 17. Bf4 {[%clk 0:56:00]} Nd5 {[%clk 1:01:35]} 18. Nd4
{[%clk 0:53:18]} Nxf4 {[%clk 0:56:24]} 19. gxf4 {[%clk 0:52:48]} Bxg2
{[%clk 0:56:49]} 20. Kxg2 {[%clk 0:53:05]} g5 {[%clk 0:56:45]} 21. Nxb5
{[%clk 0:36:23]} Bxe5 {[%clk 0:56:56]} 22. fxe5 {[%clk 0:36:52]} Nc6
{[%clk 0:57:21]} 23. Rc1 {[%clk 0:37:09]} Nxe5 {[%clk 0:52:07]} 24. Rc5
{[%clk 0:35:49]} f6 {[%clk 0:52:30]} 25. Nd4 {[%clk 0:36:16]} Rb8
{[%clk 0:52:16]} 26. Nxe6 {[%clk 0:36:15]} Rxb2 {[%clk 0:52:38]} 27. Nxg5
{[%clk 0:36:32]} Rxe2 {[%clk 0:52:19]} 28. Rc8+ {[%clk 0:36:49]} Kg7
{[%clk 0:52:45]} 29. Rc7+ {[%clk 0:37:12]} Kg6 {[%clk 0:51:49]} 30. Nxh7
{[%clk 0:37:12]} Nd3 {[%clk 0:49:39]} 31. Rd7 {[%clk 0:33:07]} Nxf2
{[%clk 0:48:13]} 32. Nf8+ {[%clk 0:31:38]} Kg5 {[%clk 0:47:41]} 33. Kf3
{[%clk 0:23:05]} Re8 {[%clk 0:47:28]} 34. h4+ {[%clk 0:15:41]} Kxh4
{[%clk 0:47:34]} 35. Rh7+ {[%clk 0:15:54]} Kg5 {[%clk 0:47:58]} 36. Rh8
{[%clk 0:16:16]} Rxf8 {[%clk 0:47:26]} 37. Rxf8 {[%clk 0:16:42]} Nd3
{[%clk 0:47:52]} 1/2-1/2

[Event "World Chess Olympiad 2018"]
[Site "Batumi"]
[Date "2018.10.05"]
[Round "11"]
[Board "4"]
[WhiteFideId "4152956"]
[White "Vitiugov Nikita"]
[BlackFideId "603767"]
[Black "Bauer Christian"]
[Result "1/2-1/2"]
[LiveChessVersion "1.4.8"]
[BlackElo "2629"]
[WhiteElo "2726"]

1. d4 {[%clk 1:30:51]} Nf6 {[%clk 1:30:54]} 2. c4 {[%clk 1:31:14]} e6
{[%clk 1:31:17]} 3. Nf3 {[%clk 1:31:14]} Bb4+ {[%clk 1:30:03]} 4. Nbd2
{[%clk 1:31:17]} a5 {[%clk 1:30:15]} 5. a3 {[%clk 1:25:03]} Be7 {[%clk 1:28:49]}
6. e4 {[%clk 1:24:29]} d5 {[%clk 1:29:06]} 7. e5 {[%clk 1:21:56]} Nfd7
{[%clk 1:28:38]} 8. Bd3 {[%clk 1:20:56]} c5 {[%clk 1:28:19]} 9. O-O
{[%clk 1:15:35]} Nc6 {[%clk 1:23:49]} 10. Re1 {[%clk 1:10:11]} cxd4
{[%clk 1:04:22]} 11. Nb3 {[%clk 1:04:38]} O-O {[%clk 0:58:57]} 12. cxd5
{[%clk 0:56:04]} exd5 {[%clk 0:59:17]} 13. Qc2 {[%clk 0:54:54]} h6
{[%clk 0:57:21]} 14. Bf4 {[%clk 0:53:37]} Qb6 {[%clk 0:47:03]} 15. Rad1
{[%clk 0:52:36]} Nc5 {[%clk 0:46:09]} 16. Nxc5 {[%clk 0:48:23]} Bxc5
{[%clk 0:42:53]} 17. Rc1 {[%clk 0:42:20]} Be7 {[%clk 0:39:24]} 18. h3
{[%clk 0:41:15]} Re8 {[%clk 0:36:18]} 19. Qd2 {[%clk 0:41:14]} Bf8
{[%clk 0:35:52]} 20. Bb1 {[%clk 0:41:19]} a4 {[%clk 0:19:04]} 21. h4
{[%clk 0:32:03]} Bg4 {[%clk 0:16:22]} 22. Qd3 {[%clk 0:25:16]} g6
{[%clk 0:16:44]} 23. Nh2 {[%clk 0:23:52]} Bf5 {[%clk 0:12:50]} 24. Qd2
{[%clk 0:23:42]} Qa5 {[%clk 0:10:31]} 25. Qd1 {[%clk 0:21:29]} Bxb1
{[%clk 0:09:42]} 26. Rxb1 {[%clk 0:21:57]} Bg7 {[%clk 0:08:10]} 27. Nf3
{[%clk 0:21:56]} Qb6 {[%clk 0:06:21]} 28. Qd2 {[%clk 0:21:12]} Qa5
{[%clk 0:05:21]} 29. Qd3 {[%clk 0:21:14]} Qa6 {[%clk 0:05:38]} 30. Qd2
{[%clk 0:21:40]} Qa5 {[%clk 0:06:05]} 31. Qd3 {[%clk 0:22:06]} Qa6
{[%clk 0:06:30]} 32. Qd2 {[%clk 0:22:14]} Qa5 {[%clk 0:03:49]} 1/2-1/2

[Event "World Chess Olympiad 2018"]
[Site "Batumi"]
[Date "2018.10.05"]
[Round "11"]
[Board "4"]
[WhiteFideId "1124668"]
[White "Tomczak Jacek"]
[BlackFideId "5018471"]
[Black "Adhiban B."]
[Result "1/2-1/2"]
[LiveChessVersion "1.4.8"]
[BlackElo "2668"]
[WhiteElo "2614"]

1. e4 {[%clk 1:30:57]} c5 {[%clk 1:30:53]} 2. Nf3 {[%clk 1:31:22]} d6
{[%clk 1:31:20]} 3. d4 {[%clk 1:31:44]} cxd4 {[%clk 1:31:47]} 4. Nxd4
{[%clk 1:32:04]} Nf6 {[%clk 1:32:14]} 5. Nc3 {[%clk 1:32:27]} Nc6
{[%clk 1:31:54]} 6. Bg5 {[%clk 1:32:08]} e6 {[%clk 1:32:19]} 7. Qd2
{[%clk 1:32:09]} Be7 {[%clk 1:32:17]} 8. O-O-O {[%clk 1:30:21]} a6
{[%clk 1:32:43]} 9. f4 {[%clk 1:26:36]} Bd7 {[%clk 1:33:08]} 10. Nb3
{[%clk 1:15:02]} b5 {[%clk 1:32:50]} 11. Bxf6 {[%clk 1:10:55]} gxf6
{[%clk 1:32:19]} 12. Bd3 {[%clk 1:11:01]} Qb6 {[%clk 1:25:39]} 13. Qe1
{[%clk 0:49:40]} Nb4 {[%clk 1:02:04]} 14. Be2 {[%clk 0:43:59]} Qe3+
{[%clk 1:00:45]} 15. Qd2 {[%clk 0:43:59]} Qxd2+ {[%clk 1:01:08]} 16. Rxd2
{[%clk 0:44:07]} h5 {[%clk 1:01:31]} 17. Bf3 {[%clk 0:38:34]} h4 {[%clk 0:53:08]}
18. Kb1 {[%clk 0:36:18]} Nc6 {[%clk 0:49:15]} 19. Rhd1 {[%clk 0:34:53]} O-O-O
{[%clk 0:49:24]} 20. a4 {[%clk 0:25:02]} Na7 {[%clk 0:36:54]} 21. axb5
{[%clk 0:24:33]} axb5 {[%clk 0:37:03]} 22. Ka2 {[%clk 0:21:04]} b4
{[%clk 0:32:10]} 23. Ne2 {[%clk 0:21:29]} Nc6 {[%clk 0:32:34]} 24. Ned4
{[%clk 0:20:20]} Na7 {[%clk 0:31:01]} 25. c3 {[%clk 0:18:22]} bxc3
{[%clk 0:30:17]} 26. Rc2 {[%clk 0:18:39]} Kb8 {[%clk 0:29:55]} 27. Na5
{[%clk 0:14:35]} Rc8 {[%clk 0:25:52]} 28. Rb1 {[%clk 0:14:15]} Rc5
{[%clk 0:24:00]} 29. b4 {[%clk 0:10:35]} Rcc8 {[%clk 0:20:20]} 30. b5
{[%clk 0:11:00]} Rc5 {[%clk 0:17:23]} 31. Rb3 {[%clk 0:03:14]} Nxb5
{[%clk 0:13:50]} 32. Be2 {[%clk 0:03:15]} Kc7 {[%clk 0:14:09]} 33. Nxb5+
{[%clk 0:02:31]} Bxb5 {[%clk 0:14:35]} 34. Bxb5 {[%clk 0:01:36]} Ra8
{[%clk 0:14:57]} 35. Rcxc3 {[%clk 0:01:46]} Rxc3 {[%clk 0:07:17]} 36. Rxc3+
{[%clk 0:02:14]} Kb6 {[%clk 0:07:43]} 37. Kb2 {[%clk 0:01:50]} Kxb5
{[%clk 0:04:11]} 38. Rb3+ {[%clk 0:01:52]} Kc5 {[%clk 0:02:20]} 39. Rc3+
{[%clk 0:02:02]} Kb6 {[%clk 0:01:33]} 40. Rb3+ {[%clk 0:32:19]} Kc5
{[%clk 0:31:34]} 41. Rc3+ {[%clk 0:32:41]} Kd4 {[%clk 0:25:28]} 42. Nc6+
{[%clk 0:33:06]} Kxe4 {[%clk 0:25:57]} 43. Nxe7 {[%clk 0:33:32]} Kxf4
{[%clk 0:26:12]} 44. Rc4+ {[%clk 0:19:16]} Kg5 {[%clk 0:26:26]} 45. Nc6
{[%clk 0:19:08]} d5 {[%clk 0:24:48]} 46. Rc2 {[%clk 0:19:22]} e5 {[%clk 0:22:32]}
47. Rc5 {[%clk 0:16:04]} h3 {[%clk 0:16:18]} 48. gxh3 {[%clk 0:14:26]} Rc8
{[%clk 0:12:55]} 49. Kc2 {[%clk 0:12:59]} d4 {[%clk 0:10:55]} 50. Kd3
{[%clk 0:10:51]} Kh4 {[%clk 0:08:40]} 51. Ke4 {[%clk 0:10:08]} Kxh3
{[%clk 0:08:47]} 52. Rc2 {[%clk 0:09:55]} Rg8 {[%clk 0:06:30]} 53. Rf2
{[%clk 0:09:36]} Rg4+ {[%clk 0:04:31]} 54. Kd3 {[%clk 0:09:44]} Rf4
{[%clk 0:03:06]} 55. Rxf4 {[%clk 0:08:37]} 1/2-1/2

[Event "World Chess Olympiad 2018"]
[Site "Batumi"]
[Date "2018.10.05"]
[Round "11"]
[Board "1"]
[WhiteFideId "1202758"]
[White "Nisipeanu Liviu-Dieter"]
[BlackFideId "13300474"]
[Black "Aronian Levon"]
[Result "1/2-1/2"]
[LiveChessVersion "1.4.8"]
[BlackElo "2780"]
[WhiteElo "2661"]

1. e4 {[%clk 1:30:58]} e5 {[%clk 1:30:55]} 2. Nf3 {[%clk 1:31:10]} Nc6
{[%clk 1:31:19]} 3. Bb5 {[%clk 1:31:36]} Nf6 {[%clk 1:31:43]} 4. O-O
{[%clk 1:31:54]} Nxe4 {[%clk 1:32:08]} 5. Re1 {[%clk 1:32:17]} Nd6
{[%clk 1:32:32]} 6. Nxe5 {[%clk 1:32:41]} Be7 {[%clk 1:32:58]} 7. Bf1
{[%clk 1:32:57]} Nxe5 {[%clk 1:33:22]} 8. Rxe5 {[%clk 1:33:24]} O-O
{[%clk 1:33:44]} 9. Nc3 {[%clk 1:33:26]} Ne8 {[%clk 1:34:00]} 10. Nd5
{[%clk 1:33:19]} Bd6 {[%clk 1:34:25]} 11. Re1 {[%clk 1:33:39]} c6
{[%clk 1:34:49]} 12. Ne3 {[%clk 1:34:06]} Bc7 {[%clk 1:35:15]} 13. Nf5
{[%clk 1:34:31]} d5 {[%clk 1:35:41]} 14. Ne7+ {[%clk 1:34:57]} Kh8
{[%clk 1:36:05]} 15. Nxc8 {[%clk 1:35:23]} Rxc8 {[%clk 1:36:30]} 16. d3
{[%clk 1:35:45]} f5 {[%clk 1:36:54]} 17. Qf3 {[%clk 1:35:18]} Qf6
{[%clk 1:36:33]} 18. Rb1 {[%clk 1:31:14]} Nd6 {[%clk 1:21:28]} 19. Bf4
{[%clk 1:22:51]} Nf7 {[%clk 1:15:28]} 20. Bxc7 {[%clk 1:17:06]} Rxc7
{[%clk 1:15:45]} 21. Qe3 {[%clk 1:17:34]} a6 {[%clk 1:14:33]} 22. Qe6
{[%clk 1:15:50]} Nd6 {[%clk 1:10:50]} 23. Qxf6 {[%clk 1:14:56]} Rxf6
{[%clk 1:11:16]} 24. Re5 {[%clk 1:09:39]} g6 {[%clk 1:11:07]} 25. Rbe1
{[%clk 1:09:43]} Kg7 {[%clk 1:11:31]} 26. d4 {[%clk 1:09:09]} Rff7
{[%clk 1:11:15]} 27. f3 {[%clk 1:06:04]} Kf8 {[%clk 1:11:40]} 28. Kf2
{[%clk 1:02:24]} Rfe7 {[%clk 1:11:56]} 29. Bd3 {[%clk 0:59:58]} Nf7
{[%clk 1:12:19]} 30. Rxe7 {[%clk 0:58:39]} Rxe7 {[%clk 1:12:45]} 31. Rh1
{[%clk 0:58:02]} 1/2-1/2

[Event "World Chess Olympiad 2018"]
[Site "Batumi"]
[Date "2018.10.05"]
[Round "11"]
[Board "2"]
[WhiteFideId "13300881"]
[White "Sargissian Gabriel"]
[BlackFideId "4675789"]
[Black "Meier Georg"]
[Result "1/2-1/2"]
[LiveChessVersion "1.4.8"]
[BlackElo "2639"]
[WhiteElo "2691"]

1. c4 {[%clk 1:30:57]} e6 {[%clk 1:30:02]} 2. Nc3 {[%clk 1:30:56]} d5
{[%clk 1:29:51]} 3. d4 {[%clk 1:31:18]} Be7 {[%clk 1:30:13]} 4. cxd5
{[%clk 1:30:24]} exd5 {[%clk 1:30:37]} 5. Bf4 {[%clk 1:30:50]} c6
{[%clk 1:30:58]} 6. e3 {[%clk 1:30:57]} Bf5 {[%clk 1:30:29]} 7. g4
{[%clk 1:27:54]} Be6 {[%clk 1:30:01]} 8. Qb3 {[%clk 1:26:42]} b5 {[%clk 1:26:42]}
9. h3 {[%clk 1:22:07]} Nd7 {[%clk 1:18:07]} 10. Nf3 {[%clk 1:12:17]} a6
{[%clk 1:15:35]} 11. Qd1 {[%clk 1:07:51]} Ngf6 {[%clk 1:11:32]} 12. Bd3
{[%clk 1:03:54]} c5 {[%clk 1:05:18]} 13. dxc5 {[%clk 1:02:01]} Nxc5
{[%clk 1:03:16]} 14. Nd4 {[%clk 1:02:18]} Rc8 {[%clk 0:46:20]} 15. f3
{[%clk 1:00:11]} Nfd7 {[%clk 0:42:28]} 16. Kf2 {[%clk 0:59:20]} Bf6
{[%clk 0:40:12]} 17. Nce2 {[%clk 0:58:20]} O-O {[%clk 0:30:14]} 18. Bc2
{[%clk 0:56:16]} g6 {[%clk 0:30:26]} 19. Qd2 {[%clk 0:55:36]} Ne5
{[%clk 0:30:26]} 20. b3 {[%clk 0:54:57]} Bd7 {[%clk 0:30:14]} 21. Rad1
{[%clk 0:41:41]} Ne6 {[%clk 0:29:57]} 22. Nxe6 {[%clk 0:30:53]} Bxe6
{[%clk 0:26:42]} 23. g5 {[%clk 0:28:49]} Bg7 {[%clk 0:26:37]} 24. Bb1
{[%clk 0:27:10]} Nc6 {[%clk 0:23:46]} 25. h4 {[%clk 0:27:30]} Qd7
{[%clk 0:23:02]} 26. h5 {[%clk 0:27:20]} Rfd8 {[%clk 0:18:19]} 27. hxg6
{[%clk 0:26:39]} hxg6 {[%clk 0:18:41]} 28. Nd4 {[%clk 0:17:21]} Nxd4
{[%clk 0:15:19]} 29. exd4 {[%clk 0:17:47]} Bf5 {[%clk 0:15:40]} 30. Kg3
{[%clk 0:18:06]} Bxb1 {[%clk 0:12:00]} 31. Rxb1 {[%clk 0:18:31]} Qf5
{[%clk 0:09:43]} 32. Rbc1 {[%clk 0:18:47]} 1/2-1/2

[Event "World Chess Olympiad 2018"]
[Site "Batumi"]
[Date "2018.10.05"]
[Round "11"]
[Board "3"]
[WhiteFideId "24651516"]
[White "Bluebaum Matthias"]
[BlackFideId "13302485"]
[Black "Melkumyan Hrant"]
[Result "1/2-1/2"]
[LiveChessVersion "1.4.8"]
[BlackElo "2660"]
[WhiteElo "2618"]

1. d4 {[%clk 1:30:56]} Nf6 {[%clk 1:30:47]} 2. c4 {[%clk 1:31:18]} e6
{[%clk 1:31:10]} 3. g3 {[%clk 1:31:32]} d5 {[%clk 1:31:26]} 4. Bg2
{[%clk 1:31:54]} dxc4 {[%clk 1:31:42]} 5. Nf3 {[%clk 1:30:22]} c5
{[%clk 1:31:30]} 6. O-O {[%clk 1:29:43]} Nc6 {[%clk 1:31:48]} 7. Qa4
{[%clk 1:29:33]} Bd7 {[%clk 1:31:59]} 8. Qxc4 {[%clk 1:29:52]} cxd4
{[%clk 1:32:23]} 9. Nxd4 {[%clk 1:29:43]} Rc8 {[%clk 1:32:46]} 10. Nc3
{[%clk 1:26:09]} Nxd4 {[%clk 1:32:51]} 11. Qxd4 {[%clk 1:26:34]} Bc5
{[%clk 1:33:13]} 12. Qh4 {[%clk 1:25:31]} h6 {[%clk 1:32:44]} 13. Bg5
{[%clk 1:04:58]} O-O {[%clk 1:33:01]} 14. Bxf6 {[%clk 0:59:33]} Qxf6
{[%clk 1:33:12]} 15. Qxf6 {[%clk 0:56:17]} gxf6 {[%clk 1:29:45]} 16. Rfd1
{[%clk 0:49:56]} Rc7 {[%clk 1:25:54]} 17. Ne4 {[%clk 0:48:22]} Be7
{[%clk 1:25:44]} 18. Nd6 {[%clk 0:48:00]} Rb8 {[%clk 1:14:35]} 19. Rd2
{[%clk 0:45:03]} Bc6 {[%clk 0:56:55]} 20. Rad1 {[%clk 0:39:54]} f5
{[%clk 0:54:09]} 21. Bxc6 {[%clk 0:35:45]} Rxc6 {[%clk 0:53:19]} 22. b3
{[%clk 0:31:43]} b5 {[%clk 0:50:40]} 23. e4 {[%clk 0:30:37]} Rbb6
{[%clk 0:44:00]} 24. e5 {[%clk 0:30:35]} Kf8 {[%clk 0:44:07]} 25. Kg2
{[%clk 0:27:19]} a6 {[%clk 0:38:58]} 26. g4 {[%clk 0:14:28]} f6 {[%clk 0:32:59]}
27. gxf5 {[%clk 0:09:17]} fxe5 {[%clk 0:33:24]} 28. Ne4 {[%clk 0:09:45]} exf5
{[%clk 0:33:46]} 29. Ng3 {[%clk 0:10:13]} Rf6 {[%clk 0:32:07]} 30. Rd5
{[%clk 0:08:51]} Rbe6 {[%clk 0:30:37]} 31. f4 {[%clk 0:07:36]} exf4
{[%clk 0:30:02]} 32. Nxf5 {[%clk 0:05:14]} Re2+ {[%clk 0:25:33]} 33. Kf3
{[%clk 0:05:44]} Rxh2 {[%clk 0:25:41]} 34. Re5 {[%clk 0:04:44]} Rh5
{[%clk 0:16:42]} 35. Kxf4 {[%clk 0:03:50]} Rf7 {[%clk 0:14:08]} 36. Ke4
{[%clk 0:03:38]} Rh2 {[%clk 0:12:57]} 37. Nxe7 {[%clk 0:02:43]} Rxe7
{[%clk 0:13:07]} 38. Rd8+ {[%clk 0:02:36]} Kf7 {[%clk 0:13:34]} 39. Rxe7+
{[%clk 0:02:13]} Kxe7 {[%clk 0:13:59]} 40. Rh8 {[%clk 0:30:42]} Kf6
{[%clk 0:35:59]} 41. a3 {[%clk 0:26:52]} Rh3 {[%clk 0:28:19]} 42. Kf4
{[%clk 0:23:56]} Ke6 {[%clk 0:21:50]} 43. Kg4 {[%clk 0:19:04]} Rxb3
{[%clk 0:12:08]} 44. Rxh6+ {[%clk 0:19:27]} Ke5 {[%clk 0:11:54]} 45. Rxa6
{[%clk 0:19:51]} Ke4 {[%clk 0:12:19]} 46. Re6+ {[%clk 0:18:33]} Kd5
{[%clk 0:11:19]} 47. Ra6 {[%clk 0:18:58]} Re3 {[%clk 0:10:58]} 48. Kf4
{[%clk 0:19:03]} Re1 {[%clk 0:11:13]} 49. Kf3 {[%clk 0:18:22]} Re8
{[%clk 0:11:20]} 50. Kf4 {[%clk 0:16:32]} Kd4 {[%clk 0:11:44]} 51. Rd6+
{[%clk 0:16:38]} Kc5 {[%clk 0:11:31]} 52. Ra6 {[%clk 0:17:01]} Re1
{[%clk 0:11:55]} 53. Kf3 {[%clk 0:16:21]} Kc4 {[%clk 0:12:18]} 54. Kf4
{[%clk 0:15:33]} Ra1 {[%clk 0:12:13]} 55. Rc6+ {[%clk 0:15:06]} Kd4
{[%clk 0:12:40]} 56. Rd6+ {[%clk 0:15:00]} Kc5 {[%clk 0:10:50]} 57. Ra6
{[%clk 0:15:24]} Ra2 {[%clk 0:11:08]} 58. Ke4 {[%clk 0:15:02]} Kc4
{[%clk 0:11:25]} 59. Rc6+ {[%clk 0:14:59]} Kb3 {[%clk 0:11:53]} 60. Rb6
{[%clk 0:15:24]} 1/2-1/2

[Event "World Chess Olympiad 2018"]
[Site "Batumi"]
[Date "2018.10.05"]
[Round "11"]
[Board "4"]
[WhiteFideId "13306553"]
[White "Martirosyan Haik M."]
[BlackFideId "4657101"]
[Black "Svane Rasmus"]
[Result "1/2-1/2"]
[LiveChessVersion "1.4.8"]
[BlackElo "2595"]
[WhiteElo "2597"]

1. d4 {[%clk 1:30:57]} d5 {[%clk 1:30:55]} 2. c4 {[%clk 1:31:05]} c6
{[%clk 1:31:23]} 3. Nf3 {[%clk 1:31:19]} Nf6 {[%clk 1:31:47]} 4. Qb3
{[%clk 1:29:56]} dxc4 {[%clk 1:32:11]} 5. Qxc4 {[%clk 1:30:23]} Bg4
{[%clk 1:32:34]} 6. Nbd2 {[%clk 1:27:45]} Nbd7 {[%clk 1:31:43]} 7. g3
{[%clk 1:26:28]} e6 {[%clk 1:32:02]} 8. Bg2 {[%clk 1:26:14]} Be7 {[%clk 1:32:25]}
9. O-O {[%clk 1:24:57]} O-O {[%clk 1:32:49]} 10. h3 {[%clk 1:15:33]} Bf5
{[%clk 1:17:16]} 11. e3 {[%clk 1:14:02]} Ne4 {[%clk 1:15:18]} 12. Qe2
{[%clk 1:11:02]} c5 {[%clk 0:51:01]} 13. Nc4 {[%clk 0:56:16]} cxd4
{[%clk 0:39:17]} 14. exd4 {[%clk 0:55:10]} Rc8 {[%clk 0:26:23]} 15. Bf4
{[%clk 0:44:32]} Nef6 {[%clk 0:23:48]} 16. Rfc1 {[%clk 0:29:27]} Be4
{[%clk 0:21:32]} 17. g4 {[%clk 0:22:17]} Bc6 {[%clk 0:20:02]} 18. Nce5
{[%clk 0:16:29]} Nxe5 {[%clk 0:19:00]} 19. dxe5 {[%clk 0:16:50]} Nd5
{[%clk 0:19:12]} 20. Bg3 {[%clk 0:17:15]} Qb6 {[%clk 0:19:01]} 21. a3
{[%clk 0:14:55]} a5 {[%clk 0:18:24]} 22. Kh2 {[%clk 0:15:01]} Rfd8
{[%clk 0:17:01]} 23. Rc2 {[%clk 0:11:32]} Nc7 {[%clk 0:14:31]} 24. Rac1
{[%clk 0:10:56]} Nb5 {[%clk 0:08:37]} 25. Rc4 {[%clk 0:09:38]} Nc7
{[%clk 0:08:20]} 26. Qc2 {[%clk 0:09:20]} Rd7 {[%clk 0:07:28]} 27. Bf4
{[%clk 0:08:52]} Nd5 {[%clk 0:07:26]} 28. Bg3 {[%clk 0:08:08]} Nc7
{[%clk 0:07:44]} 29. Nd2 {[%clk 0:06:12]} Rcd8 {[%clk 0:07:11]} 30. Ne4
{[%clk 0:05:23]} Nb5 {[%clk 0:07:15]} 31. f4 {[%clk 0:04:48]} Qe3
{[%clk 0:04:24]} 32. Re1 {[%clk 0:03:59]} Qd3 {[%clk 0:04:28]} 33. Qc1
{[%clk 0:03:16]} Bd5 {[%clk 0:03:46]} 34. Rc2 {[%clk 0:02:45]} Nd4
{[%clk 0:03:40]} 35. Rc3 {[%clk 0:02:50]} Qb5 {[%clk 0:03:39]} 36. Bf1
{[%clk 0:01:48]} Qa4 {[%clk 0:03:44]} 37. Bg2 {[%clk 0:01:52]} Qb5
{[%clk 0:02:17]} 38. Bf1 {[%clk 0:01:59]} Qa4 {[%clk 0:02:42]} 39. Bg2
{[%clk 0:01:58]} Bc6 {[%clk 0:01:06]} 40. Bf2 {[%clk 0:31:36]} Qb5
{[%clk 0:30:46]} 41. Bf1 {[%clk 0:26:30]} Qa4 {[%clk 0:17:19]} 42. Rc4
{[%clk 0:14:40]} Qb3 {[%clk 0:17:01]} 43. Re3 {[%clk 0:14:15]} Qb6
{[%clk 0:15:23]} 44. Rcc3 {[%clk 0:11:39]} a4 {[%clk 0:14:00]} 45. Re1
{[%clk 0:10:29]} Qa5 {[%clk 0:13:38]} 46. Qe3 {[%clk 0:10:37]} Qb6
{[%clk 0:07:51]} 47. Qc1 {[%clk 0:08:52]} Qa5 {[%clk 0:08:15]} 48. Qe3
{[%clk 0:09:15]} Qb6 {[%clk 0:07:28]} 1/2-1/2